000 00362nam a2200145Ia 4500
008 230711s9999||||xx |||||||||||||| ||und||
041 _aENG
082 _a621
_bKU-M
100 _aKulkarni,M
245 0 _aMicrowave and radar engineering
250 _a1st Ed.
260 _c2001
_aNew Delhi
_bUmesh Publications
650 _aElectronics Engineering
942 _cBK
999 _c3851
_d3851